000 01573cam a2200289 a 4500
001 13624505
003 OSt
005 20240628113204.0
008 040615s2005 enk b 001 0 eng
010 _a 2004014024
020 _a0754640272 (alk. paper)
040 _aDLC
_cDLC
_dDLC
043 _afb-----
050 0 0 _aDT352.8
_b.D35 2005
082 0 0 _a327.17
_222
_bDAN 2005
100 _aDavid J. Francis; [et....al]
_99640
245 0 0 _aDangers of co-deployment :
_bUN co-operative peacekeeping in Africa /
_cDavid J. Francis...[etal]
260 _aBurlington;
_bAshgate,
_c2005.
300 _axv, 175 p; ill:
_c24 cm.
500 _aConceptualising peacekeeping -- UN peacekeeping operations : overview of case studies and relevance to evolving concepts and practice -- Conceptualising co-deployment -- International experiment with co-deployment -- Wars and armed conflicts in Africa : challenges to peacekeeping and humanitarian intervention in complex political emergencies -- UN peacekeeping in Africa : an overview -- OAU peacekeeping operations in Africa -- Alternative peacekeeping strategies prescribed for Africa -- UN and ECOMOG co-deployment in Liberia -- UN-ECOWAS-ECOMOG co-deployment in Sierra Leone.
504 _aIncludes bibliographical references (p. [157]-168) and index.
650 0 _aPeacekeeping forces
_zAfrica, Sub-Saharan.
_94617
650 0 _aPolitical conflicts
_99641
856 4 1 _3Table of contents
_uhttp://www.loc.gov/catdir/toc/ecip0419/2004014024.html
906 _a7
_bcbc
_corignew
_d1
_eecip
_f20
_gy-gencatlg
942 _2ddc
_cSLOAN
999 _c1752
_d1752